Quiz o Węgrzech - Statystyki

Ogólne statystyki
  • Ten quiz został rozwiązany 46 razy
  • Średni wynik to 12 z 15
Statystyki odpowiedzi
Wskazówka Odpowiedź % Poprawnych
Stolica Budapeszt
100%
Język urzędowy Węgierski
97%
Kraj, wraz z którym były jednym państwem do 1918 r. Austria
92%
Potrawa na G składająca się z cebuli, papryki i mięsa Gulasz
90%
Rok dołączenia do Unii Europejskiej 2004 r.
87%
Najdłuższa rzeka Dunaj
87%
Liczba ludności w milionach (ok.) 10 mln
85%
Czerwone, zielone lub żółte środkowoamerykańskie warzywo, z którego uprawy znane są Węgry. Występuje tu w odmianie słodkiej i ostrej Papryka
85%
Rok dołączenia do NATO 1999 r.
82%
Logiczna zabawka, którą należy ułożyć tak, aby na każdej z sześciu ścianek był tylko jeden kolor Kostka Rubika
82%
Największy partner handlowy Niemcy
74%
Waluta Forint węgierski
67%
Największe jezioro Balaton
64%
Nizina na południowym wschodzie Wielka Nizina Węgierska
38%
Węgierskie odmiany tego owocu to np. olaszrizling, leányka, chardonnay czy kékfrankos Winogrono
33%
Nie znaleziono quizów pasujących do podanych kryteriów
Rozkład punktacji
Procent ludzi z każdym wynikiem
Percentyl według liczby udzielonych odpowiedzi
Twoja historia wyników
Nie rozwiązałeś tego quizu